[Event "Scottish International Open"]
[Site "Edinburgh, Scotland"]
[Date "2015.07.19"]
[Round "9"]
[White "Orr, Mark J L"]
[Black "Heron, Donald"]
[Result "1/2-1/2"]
[WhiteElo "2260"]
[BlackElo "1714"]
[PlyCount "73"]
[EventDate "2015.??.??"]
[WhiteClock "0:22:09"]
[BlackClock "0:43:21"]

1. d4 e6 2. c4 f5 3. g3 Nf6 4. Bg2 c6 5. Nf3 d5 6. O-O Bd6 7. b3 Qe7 8. Bb2 b6
9. Nbd2 Bb7 10. Qc2 Ne4 11. Ne5 O-O 12. f3 Nxd2 13. Qxd2 Nd7 14. Nxd7 Qxd7 15.
e4 Rf7 16. cxd5 cxd5 17. e5 Bf8 18. Rfc1 Rc8 19. Bf1 Qe8 20. g4 fxg4 21. fxg4
Rfc7 22. Rxc7 Rxc7 23. Bd3 Qc8 24. Rf1 Ba6 25. Rxf8+ Kxf8 26. Bxh7 g6 27. Qh6+
Ke8 28. Bxg6+ Kd7 29. Bf7 Rc6 30. Qg7 Rc1+ 31. Bxc1 Qxc1+ 32. Kf2 Qf1+ 33. Kg3
Qe1+ 34. Kf4 Qd2+ 35. Kg3 Qe1+ 36. Kf4 Qd2+ 37. Kg3 1/2-1/2

[Event "Scottish International Open"]
[Site "Edinburgh, Scotland"]
[Date "2015.07.19"]
[Round "9"]
[White "Kafka, Graeme"]
[Black "Burnett, Andrew"]
[Result "1/2-1/2"]
[WhiteElo "2042"]
[BlackElo "2249"]
[PlyCount "98"]
[EventDate "2015.??.??"]
[WhiteClock "0:21:29"]
[BlackClock "1:00:26"]

1. e4 c5 2. Nf3 d6 3. d4 Nf6 4. Nc3 cxd4 5. Nxd4 g6 6. Be3 Bg7 7. f3 Nc6 8. Qd2
O-O 9. O-O-O Nxd4 10. Bxd4 Qa5 11. Kb1 e5 12. Be3 Be6 13. Be2 Rfd8 14. Nd5 Qxd2
15. Nxf6+ Bxf6 16. Rxd2 d5 17. exd5 Rxd5 18. Rxd5 Bxd5 19. Rd1 Be6 20. Bd3 Rd8
21. Be2 a6 22. Rxd8+ Bxd8 23. c4 f5 24. b4 g5 25. Kc2 h5 26. h3 Kg7 27. a4 g4
28. hxg4 hxg4 29. f4 Bc7 30. fxe5 Bxe5 31. b5 f4 32. Bb6 axb5 33. axb5 Kf7 34.
Bd3 Ke7 35. Kb3 Kd7 36. Be4 Bc7 37. Bxc7 Kxc7 38. Kb4 b6 39. c5 Bf7 40. cxb6+
Kxb6 41. Kc3 Bh5 42. Kd2 Kxb5 43. Ke1 Kc4 44. Kf2 Kd4 45. Bc6 g3+ 46. Kg1 Ke3
47. Bd7 Bg6 48. Bc6 Be4 49. Bb5 Bxg2 1/2-1/2

[Event "Scottish International Open"]
[Site "Edinburgh, Scotland"]
[Date "2015.07.19"]
[Round "9"]
[White "Burnett, Walter"]
[Black "Kynoch, Richard"]
[Result "1-0"]
[WhiteElo "1983"]
[BlackElo "1934"]
[PlyCount "85"]
[EventDate "2015.??.??"]
[WhiteClock "0:07:28"]
[BlackClock "0:03:03"]

1. f4 d5 2. Nf3 Nf6 3. g3 g6 4. Bg2 Bg7 5. c3 O-O 6. O-O c5 7. d3 Nc6 8. Na3
Qc7 9. Qc2 d4 10. cxd4 cxd4 11. Nxd4 Qb6 12. Bxc6 bxc6 13. e3 Nd5 14. Nc4 Qc7
15. Nf3 Rd8 16. Bd2 Rb8 17. Ba5 Nb6 18. Rac1 f6 19. Nd4 Qd7 20. Nxb6 axb6 21.
Qb3+ Qd5 22. Nxc6 Qxb3 23. axb3 Bh3 24. Nxd8 Bxf1 25. Nc6 Rb7 26. Kxf1 bxa5 27.
Nxa5 Rb5 28. Rc8+ Kf7 29. Ra8 h5 30. Ke2 g5 31. Ra7 h4 32. d4 hxg3 33. hxg3
gxf4 34. gxf4 Rh5 35. Nc4 Ke6 36. Kd3 Rh3 37. Ra5 Rg3 38. f5+ Kf7 39. b4 Bh6
40. b5 Bf4 41. b6 Bb8 42. Ra8 Rg8 43. b7 1-0

[Event "Scottish International Open"]
[Site "Edinburgh, Scotland"]
[Date "2015.07.19"]
[Round "9"]
[White "Sreeves, Clement"]
[Black "Giacometto, Mario"]
[Result "1-0"]
[WhiteElo "2333"]
[BlackElo "1952"]
[PlyCount "81"]
[EventDate "2015.??.??"]
[WhiteClock "0:13:08"]
[BlackClock "0:01:53"]

1. c4 e6 2. g3 d5 3. Bg2 Nf6 4. Nf3 c6 5. O-O Be7 6. b3 O-O 7. Bb2 Nbd7 8. d3
b5 9. Nbd2 a5 10. a3 Bb7 11. e4 dxe4 12. dxe4 bxc4 13. e5 Nd5 14. Nxc4 N7b6 15.
Qc2 Nxc4 16. bxc4 Nb6 17. c5 Nd5 18. h4 Ba6 19. Rfe1 h6 20. Nd2 Rb8 21. Ne4 Bd3
22. Qxd3 Rxb2 23. Rab1 Rxb1 24. Rxb1 Qa8 25. Qb3 Bd8 26. Qb7 Bc7 27. Nd6 Qb8
28. f4 Qxb7 29. Rxb7 Rb8 30. Ra7 Rb1+ 31. Kh2 Rb2 32. Kh3 Bb8 33. Rd7 Ne3 34.
Be4 g6 35. Nxf7 Nf1 36. Nxh6+ Kf8 37. Bxg6 Rh2+ 38. Kg4 Rg2 39. Kg5 Rxg3+ 40.
Kf6 Bxe5+ 41. fxe5 1-0

[Event "Scottish International Open"]
[Site "Edinburgh, Scotland"]
[Date "2015.07.19"]
[Round "9"]
[White "Jelfs, Alan"]
[Black "Brown, Alan M"]
[Result "0-1"]
[WhiteElo "1889"]
[BlackElo "2082"]
[PlyCount "64"]
[EventDate "2015.??.??"]
[WhiteClock "0:15:48"]
[BlackClock "0:33:41"]

1. d4 d5 2. c4 e6 3. Nc3 Nf6 4. Bg5 Nbd7 5. Nf3 Be7 6. e3 O-O 7. Qc2 b6 8. cxd5
exd5 9. Bd3 h6 10. h4 c5 11. Bf4 Bb7 12. Rc1 a6 13. Bf5 Re8 14. g4 cxd4 15. g5
Nh5 16. gxh6 Nxf4 17. Bh7+ Kh8 18. hxg7+ Kxg7 19. Qf5 Rh8 20. Rg1+ Kf8 21. exf4
dxc3 22. Ng5 Bxg5 23. hxg5 Qe7+ 24. Kd1 Re8 25. Rc2 d4 26. bxc3 Bf3+ 27. Kc1
Be4 28. g6 Qa3+ 29. Rb2 Bxf5 30. g7+ Ke7 31. gxh8=Q Rxh8 32. Bxf5 dxc3 0-1

[Event "Scottish International Open"]
[Site "Edinburgh, Scotland"]
[Date "2015.07.19"]
[Round "9"]
[White "Stevenson, Jim"]
[Black "Parks, Joe"]
[Result "1-0"]
[WhiteElo "2028"]
[BlackElo "1897"]
[PlyCount "71"]
[EventDate "2015.??.??"]

1. Nf3 d6 2. d4 f5 3. g3 Nf6 4. Bg2 g6 5. O-O Bg7 6. b3 O-O 7. Bb2 c6 8. c4 Qe8
9. d5 cxd5 10. cxd5 Na6 11. Nc3 Nc7 12. Rc1 h6 13. Qd2 b5 14. b4 a5 15. a3 axb4
16. axb4 Bd7 17. Nd4 Rc8 18. Ra1 e5 19. dxe6 Nxe6 20. Nxe6 Bxe6 21. Ra6 Bc4 22.
Rxd6 Kh7 23. Ra1 Rf7 24. h3 Qe7 25. Raa6 Ng8 26. e3 Be5 27. Nd5 Bxd5 28. Rxd5
Bxb2 29. Qxb2 Qc7 30. Rxb5 Qc1+ 31. Qxc1 Rxc1+ 32. Kh2 Rd7 33. Rb7 Rxb7 34.
Bxb7 Rb1 35. Bd5 Rxb4 36. Ra7+ 1-0

[Event "Scottish International Open"]
[Site "Edinburgh, Scotland"]
[Date "2015.07.19"]
[Round "9"]
[White "Bhopal, Raj"]
[Black "Schmerwitz, Reinhard"]
[Result "1-0"]
[WhiteElo "2006"]
[BlackElo "1829"]
[PlyCount "63"]
[EventDate "2015.??.??"]

1. d4 Nf6 2. Bf4 d5 3. e3 Bf5 4. c4 e6 5. Qb3 Qc8 6. Nc3 Be7 7. cxd5 exd5 8.
Nxd5 Nxd5 9. Qxd5 Bb4+ 10. Kd1 O-O 11. Qb3 Ba5 12. Bc4 c5 13. Nf3 cxd4 14. Nxd4
Nc6 15. Nxf5 Qxf5 16. Ke2 Nd4+ 17. exd4 Qxf4 18. Kf1 Bb6 19. Qe3 Qxd4 20. Qxd4
Bxd4 21. Rd1 Rad8 22. b3 Bf6 23. Ke2 Rxd1 24. Rxd1 Rd8 25. Bd5 b6 26. f4 Kf8
27. g4 Be7 28. Rd3 f6 29. h4 g5 30. fxg5 fxg5 31. Rf3+ Ke8 32. Bc6+ 1-0

[Event "Scottish International Open"]
[Site "Edinburgh, Scotland"]
[Date "2015.07.19"]
[Round "9"]
[White "Begg, David"]
[Black "Doyle, James"]
[Result "1-0"]
[WhiteElo "1706"]
[BlackElo "1962"]
[PlyCount "79"]
[EventDate "2015.??.??"]

1. d4 Nf6 2. Nf3 g6 3. Nc3 d5 4. Bf4 c6 5. e3 Bg7 6. Bd3 Nbd7 7. Qe2 O-O 8. Ne5
Re8 9. h4 Nxe5 10. Bxe5 Ng4 11. Bxg7 Kxg7 12. f3 Nf6 13. O-O-O e5 14. Qf2 exd4
15. exd4 Qd6 16. Ne2 Bd7 17. g3 Qe7 18. Kd2 Qb4+ 19. Kc1 c5 20. c3 Qa5 21. dxc5
Qxa2 22. Nd4 Rac8 23. g4 Qa5 24. h5 Qc7 25. Qd2 Rh8 26. h6+ Kf8 27. Qg5 Ng8 28.
Rde1 Qxc5 29. Qe5 f6 30. Ne6+ Bxe6 31. Qxe6 Qc6 32. Qe3 b6 33. Bxg6 d4 34. Qxd4
hxg6 35. g5 Qc5 36. Qd7 Qxg5+ 37. Kd1 Nxh6 38. Qxc8+ Kg7 39. Re7+ Nf7 40. Qxh8#
1-0

[Event "Scottish International Open"]
[Site "Edinburgh, Scotland"]
[Date "2015.07.19"]
[Round "9"]
[White "Graham, Alan"]
[Black "Van den Ouden, Lendert"]
[Result "0-1"]
[WhiteElo "1739"]
[BlackElo "2077"]
[PlyCount "118"]
[EventDate "2015.??.??"]

1. d4 Nf6 2. Nf3 c5 3. d5 d6 4. Nc3 g6 5. e4 a6 6. a4 Bg4 7. h3 Bxf3 8. gxf3
Bg7 9. a5 O-O 10. Bc4 b5 11. axb6 Qxb6 12. Qd3 Nbd7 13. Bf4 Nh5 14. Bd2 Ne5 15.
Qe2 Nxc4 16. Qxc4 Be5 17. O-O Qb7 18. Ra3 Qxb2 19. Ra2 Qb7 20. Rb1 Qd7 21. Kg2
f5 22. Bh6 Bg7 23. Bxg7 Kxg7 24. Ne2 fxe4 25. fxe4 Nf4+ 26. Nxf4 Rxf4 27. Qc3+
Kg8 28. Rxa6 Raf8 29. Qg3 Rxe4 30. Rb3 Ref4 31. Ra8 Rxf2+ 32. Qxf2 Rxa8 33. Rf3
e6 34. c4 exd5 35. cxd5 Qg7 36. Qe2 Qe5 37. Qxe5 dxe5 38. Rc3 Rc8 39. Kf3 Kf7
40. Ke4 Kf6 41. h4 c4 42. Rf3+ Ke7 43. Kxe5 c3 44. d6+ Kd7 45. Rf7+ Kc6 46. d7
Ra8 47. Rf3 Kxd7 48. Rxc3 Rf8 49. Rg3 Rf5+ 50. Ke4 Ke6 51. Rg4 Kf6 52. Ke3 Kg7
53. Re4 Kh6 54. Rg4 Kh5 55. Rg2 Ra5 56. Kf4 Ra4+ 57. Ke5 Rxh4 58. Kf6 Kh6 59.
Kf7 g5 0-1

[Event "Scottish International Open"]
[Site "Edinburgh, Scotland"]
[Date "2015.07.19"]
[Round "9"]
[White "Morriss, Pete"]
[Black "Gillies, Alex"]
[Result "0-1"]
[WhiteElo "2075"]
[BlackElo "1908"]
[PlyCount "42"]
[EventDate "2015.??.??"]

1. b4 e5 2. Bb2 Bxb4 3. Bxe5 Nf6 4. a3 Ba5 5. c4 O-O 6. e3 d5 7. cxd5 Nxd5 8.
Nf3 Re8 9. Be2 c5 10. Qc2 Nc6 11. Bb2 Nd4 12. Bxd4 cxd4 13. Nxd4 Nxe3 14. fxe3
Rxe3 15. Nf3 Qf6 16. Kf2 Rxf3+ 17. Bxf3 Bf5 18. Qb3 Qd4+ 19. Ke1 Qxa1 20. Bxb7
Re8+ 21. Kf2 Qd4+ 0-1

[Event "Scottish International Open"]
[Site "Edinburgh, Scotland"]
[Date "2015.07.19"]
[Round "9"]
[White "Veelenturf, Wim"]
[Black "Palaniswamy, Raja S"]
[Result "1/2-1/2"]
[WhiteElo "1697"]
[BlackElo "2034"]
[PlyCount "83"]
[EventDate "2015.??.??"]

1. e4 d5 2. exd5 Qxd5 3. d4 c6 4. c4 Qa5+ 5. Nc3 Nf6 6. Nf3 Bg4 7. Bd3 e6 8.
O-O Bd6 9. Bd2 Qh5 10. h3 Bxf3 11. Qxf3 Qxf3 12. gxf3 Nbd7 13. Ne4 Be7 14. Bf4
O-O 15. Kh1 Nb6 16. Rg1 Rfd8 17. Be3 Nxe4 18. fxe4 g6 19. Rad1 Na4 20. Rb1 c5
21. d5 Bf6 22. Bc1 exd5 23. exd5 Bd4 24. Rf1 Rab8 25. Bc2 Nb6 26. Bd3 Nd7 27.
Bf4 Ne5 28. Bxe5 Bxe5 29. a3 b5 30. b3 Bd4 31. f4 bxc4 32. Bxc4 Kf8 33. h4 Re8
34. Rbe1 Rxe1 35. Rxe1 Bf2 36. Re4 Bxh4 37. Kg2 Re8 38. Kf3 Rxe4 39. Kxe4 Ke7
40. d6+ Kxd6 41. Bxf7 Bf6 42. Bg8 1/2-1/2

[Event "Scottish International Open"]
[Site "Edinburgh, Scotland"]
[Date "2015.07.19"]
[Round "9"]
[White "Moreby, James"]
[Black "Mollison, Jamie"]
[Result "1-0"]
[WhiteElo "1997"]
[BlackElo "1888"]
[PlyCount "99"]
[EventDate "2015.??.??"]

1. d4 e6 2. e4 d5 3. Nc3 Nf6 4. e5 Nfd7 5. f4 c5 6. Nf3 Nc6 7. Be3 Qb6 8. Na4
Qa5+ 9. c3 cxd4 10. b4 Qc7 11. Nxd4 Nxd4 12. Bxd4 Be7 13. Bd3 g6 14. O-O h5 15.
Qc2 Nf8 16. Qf2 Bd7 17. Nb2 b6 18. Rfc1 Qb7 19. a4 Nh7 20. a5 b5 21. a6 Qb8 22.
Bc2 O-O 23. Nd3 Qc7 24. Nc5 f5 25. Bd3 Rfb8 26. Qe2 Qc8 27. Ra5 Be8 28. Bxb5
Bxc5 29. bxc5 Bxb5 30. Rxb5 Rxb5 31. Qxb5 Rb8 32. Qa4 Nf8 33. c6 Qc7 34. c4 Kf7
35. cxd5 exd5 36. Qa2 Ke6 37. Rc5 Rd8 38. Qb3 g5 39. fxg5 Ng6 40. Qf3 Nxe5 41.
Qxh5 Rg8 42. Qe2 f4 43. Qxe5+ Qxe5 44. Bxe5 Kxe5 45. c7 Rc8 46. Kf2 Ke6 47. Rc1
d4 48. Ke2 Kd5 49. Kd3 Ke5 50. h4 1-0

[Event "Scottish International Open"]
[Site "Edinburgh, Scotland"]
[Date "2015.07.19"]
[Round "9"]
[White "O`Neil, Jim"]
[Black "Durno, Joy"]
[Result "0-1"]
[WhiteElo "1967"]
[BlackElo "1886"]
[PlyCount "72"]
[EventDate "2015.??.??"]

1. e4 c5 2. Nf3 e6 3. d4 cxd4 4. Nxd4 Nf6 5. Nc3 d6 6. g4 h6 7. h4 Nc6 8. Rg1
h5 9. gxh5 Nxh5 10. Bg5 Qb6 11. Nb3 Qc7 12. Be2 Nf6 13. Qd2 Bd7 14. O-O-O a6
15. f4 Ng8 16. f5 f6 17. Bg4 Ne5 18. fxe6 Bc6 19. Bf4 Rxh4 20. Bxe5 dxe5 21.
Qf2 Rh6 22. Nd5 Bxd5 23. exd5 Bd6 24. Bf5 g5 25. Rh1 Qg7 26. Qb6 Rd8 27. Be4 g4
28. Kb1 Rxh1 29. Rxh1 Nh6 30. Qe3 Bf8 31. Nc5 f5 32. Bg2 f4 33. Qa3 f3 34. Bf1
Rxd5 35. Qa4+ Ke7 36. Nxb7 Rd1# 0-1

[Event "Scottish International Open"]
[Site "Edinburgh, Scotland"]
[Date "2015.07.19"]
[Round "9"]
[White "Walker, Duncan"]
[Black "Campbell, Eoin"]
[Result "1-0"]
[WhiteElo "1954"]
[BlackElo "1839"]
[PlyCount "63"]
[EventDate "2015.??.??"]

1. e4 e6 2. c4 d5 3. cxd5 exd5 4. exd5 Nf6 5. Qa4+ Nbd7 6. Nc3 Be7 7. Nf3 O-O
8. Bd3 Nc5 9. Qc2 Nxd3+ 10. Qxd3 b6 11. O-O Bb7 12. Re1 Re8 13. b3 Nxd5 14.
Nxd5 Qxd5 15. Qxd5 Bxd5 16. Bb2 Bxf3 17. gxf3 Bg5 18. Bc3 f6 19. Re4 Kf7 20.
Rc4 c5 21. d4 cxd4 22. Bxd4 Rac8 23. Ra4 Rc7 24. Kg2 Rce7 25. f4 Bxf4 26. Bxb6
axb6 27. Rxf4 Re2 28. a4 Rc2 29. Rf1 Rb2 30. Rb4 Re6 31. Rc1 Re3 32. Rb1 1-0

[Event "Scottish International Open"]
[Site "Edinburgh, Scotland"]
[Date "2015.07.19"]
[Round "9"]
[White "Gilfillan, Andrew"]
[Black "Paul, Rabindra"]
[Result "1-0"]
[WhiteElo "1953"]
[BlackElo "1822"]
[PlyCount "97"]
[EventDate "2015.??.??"]

1. c4 g6 2. g3 Bg7 3. Bg2 c5 4. Nc3 Nc6 5. e4 e5 6. Nge2 d6 7. O-O Nge7 8. d3
O-O 9. Nd5 a6 10. a4 Rb8 11. Bd2 b5 12. axb5 axb5 13. Qc1 bxc4 14. dxc4 Nxd5
15. cxd5 Nb4 16. Bg5 Qb6 17. Ra3 Ba6 18. Qd2 Rfc8 19. Rfa1 Bxe2 20. Qxe2 c4 21.
Bh3 Rc7 22. Be3 Qb5 23. b3 f5 24. Ra5 Qb7 25. bxc4 f4 26. Ra7 fxe3 27. Be6+ Kh8
28. Rxb7 exf2+ 29. Qxf2 Rcxb7 30. Ra7 h5 31. Rxb7 Rxb7 32. Qd2 Kh7 33. g4 hxg4
34. Bxg4 Bh6 35. Qe2 Ra7 36. Qb2 Be3+ 37. Kf1 Bc5 38. Be2 Ra2 39. Qb3 Ra1+ 40.
Bd1 Kg7 41. Kg2 Ra2+ 42. Kg3 Rd2 43. Qa4 Kh6 44. Qe8 Kg7 45. Qe7+ Kg8 46. Bg4
Rf2 47. Be6+ Kh8 48. Qe8+ Kg7 49. Qg8+ 1-0

[Event "Scottish International Open"]
[Site "Edinburgh, Scotland"]
[Date "2015.07.19"]
[Round "9"]
[White "Ridge, Michael"]
[Black "Irving, Neil"]
[Result "1-0"]
[WhiteElo "1917"]
[BlackElo "1801"]
[PlyCount "97"]
[EventDate "2015.??.??"]

1. e4 d5 2. exd5 Qxd5 3. Nc3 Qd6 4. d4 Nf6 5. Nf3 a6 6. g3 Bg4 7. Bg2 Nc6 8.
O-O O-O-O 9. d5 Ne5 10. Bf4 Nxf3+ 11. Bxf3 Bxf3 12. Qxf3 e5 13. dxe6 Qxe6 14.
Bg5 Be7 15. Rfe1 Qd6 16. Qe3 Qc5 17. Qxe7 Qxg5 18. Qxf7 Rhf8 19. Qe6+ Kb8 20.
Rad1 Rxd1 21. Rxd1 Ng4 22. h4 Qh5 23. Rd5 Qf7 24. Qxf7 Rxf7 25. Ne4 Re7 26. Rd4
Ne5 27. Kg2 Nc6 28. Rc4 Ne5 29. Rc3 b6 30. f4 Ng4 31. Kf3 Nh2+ 32. Ke3 Ng4+ 33.
Kd3 Rd7+ 34. Kc4 Re7 35. Ng5 h6 36. Nf3 Re4+ 37. Kb3 c5 38. a4 Kb7 39. a5 Kc6
40. axb6 Kxb6 41. Nd2 Re2 42. Rd3 Rg2 43. Nc4+ Kc7 44. Ne3 Nxe3 45. Rxe3 h5 46.
Re7+ Kd6 47. Rxg7 c4+ 48. Kc3 Ke6 49. Rg5 1-0

[Event "Scottish International Open"]
[Site "Edinburgh, Scotland"]
[Date "2015.07.19"]
[Round "9"]
[White "Brown, Allan D"]
[Black "Jennings, Richard"]
[Result "0-1"]
[WhiteElo "1798"]
[BlackElo "1767"]
[PlyCount "78"]
[EventDate "2015.??.??"]

1. d4 Nf6 2. g3 g6 3. Bg2 Bg7 4. c4 c5 5. d5 d6 6. e4 O-O 7. Ne2 b5 8. cxb5 a6
9. b6 Nbd7 10. O-O Nxb6 11. Nbc3 Bd7 12. a4 Nc4 13. b3 Na5 14. Bd2 Qc7 15. Na2
Rfb8 16. b4 Nb7 17. Rc1 Qd8 18. bxc5 Nxc5 19. Rxc5 dxc5 20. e5 Ne8 21. f4 Rb2
22. Nac3 Rab8 23. Be3 Qa5 24. e6 fxe6 25. dxe6 Bxe6 26. Bd5 Bxc3 27. Bxe6+ Kh8
28. f5 Rd8 29. Qxd8 Qxd8 30. Nxc3 Nf6 31. Rd1 Qa8 32. Nd5 Rc2 33. Nf4 g5 34.
Nd5 h6 35. h4 Ng4 36. Bd2 gxh4 37. gxh4 Qb8 38. Bf4 Qb2 39. Ne3 Rc1 0-1

[Event "Scottish International Open"]
[Site "Edinburgh, Scotland"]
[Date "2015.07.19"]
[Round "9"]
[White "Gray, Euan"]
[Black "McAndrew, Robert"]
[Result "0-1"]
[WhiteElo "1629"]
[BlackElo "2016"]
[PlyCount "96"]
[EventDate "2015.??.??"]

1. d4 Nf6 2. c4 e6 3. Nc3 d5 4. cxd5 exd5 5. Bg5 Be7 6. e3 O-O 7. Bd3 h6 8. Bh4
c6 9. Nge2 Re8 10. O-O Nbd7 11. f3 Nf8 12. a3 a5 13. Bg3 Nh5 14. Bf2 Bh4 15.
Qd2 Bxf2+ 16. Rxf2 Qg5 17. Nd1 Bf5 18. Nec3 Bxd3 19. Qxd3 Ne6 20. Rc2 Re7 21.
Na4 Rae8 22. Nc5 Nef4 23. Qf1 Ng6 24. b4 f5 25. bxa5 f4 26. e4 dxe4 27. fxe4 f3
28. Qc4+ Kh7 29. Raa2 Nhf4 30. g3 Rxe4 31. Nxe4 Rxe4 32. Qf1 Ne2+ 33. Kh1 Nxd4
34. Rc4 Qd5 35. Rf2 Ne2 36. Rxe4 Qxe4 37. Qh3 Ne5 38. Qe6 Nd4 39. Qh3 Ng4 40.
Rf1 Qe2 41. Kg1 f2+ 42. Kh1 Nf3 43. Nc3 Qd3 44. Nd1 Ngxh2 45. Ne3 Nxf1 46. Nxf1
Ne1 47. Nd2 Qd5+ 48. Kh2 g6 0-1

[Event "Scottish International Open"]
[Site "Edinburgh, Scotland"]
[Date "2015.07.19"]
[Round "9"]
[White "McKinney, Stuart"]
[Black "Rubio, Luis"]
[Result "1-0"]
[WhiteElo "1364"]
[BlackElo "1826"]
[PlyCount "109"]
[EventDate "2015.??.??"]

1. e4 d5 2. exd5 Qxd5 3. Nc3 Qd6 4. d4 Nf6 5. h3 a6 6. Nf3 Nc6 7. a3 g6 8. Bd3
Bg7 9. Ne2 O-O 10. Bf4 Qd8 11. O-O e6 12. c3 b5 13. Qd2 Bb7 14. Bg5 Ne7 15. Ne1
Nf5 16. Ng3 Qd5 17. Bxf6 Bxf6 18. Be4 Qd6 19. Nxf5 gxf5 20. Bxb7 Rad8 21. Qe3
c6 22. Qg3+ Kh8 23. Qxd6 Rxd6 24. Bxa6 f4 25. Nf3 Rg8 26. a4 Rd5 27. axb5 Rh5
28. Kh2 cxb5 29. Bb7 b4 30. Ra8 Rxa8 31. Bxa8 Ra5 32. Be4 Ra2 33. Rb1 bxc3 34.
bxc3 Rxf2 35. Rc1 Re2 36. Bb1 Rb2 37. c4 Be7 38. c5 Rb7 39. c6 Rc7 40. Bd3 Bd6
41. Ba6 f6 42. Bb7 e5 43. dxe5 fxe5 44. Rd1 Be7 45. Nxe5 f3 46. Nxf3 Bc5 47.
Ng5 Be3 48. Rd8+ Kg7 49. Ne6+ Kf7 50. Nxc7 Bf4+ 51. Kh1 Bxc7 52. Rd7+ Ke8 53.
Rxc7 h5 54. Rh7 h4 55. c7 1-0

[Event "Scottish International Open"]
[Site "Edinburgh, Scotland"]
[Date "2015.07.19"]
[Round "9"]
[White "Smith, Stephen H"]
[Black "Zamvar, Vipin"]
[Result "1-0"]
[WhiteElo "1803"]
[BlackElo "1622"]
[PlyCount "43"]
[EventDate "2015.??.??"]

1. e4 e5 2. f4 d5 3. exd5 exf4 4. Nf3 Qxd5 5. Nc3 Qa5 6. d4 Bd6 7. Bc4 Ne7 8.
O-O Bg4 9. Ne4 Qb6 10. Nxd6+ Qxd6 11. Bxf7+ Kxf7 12. Ng5+ Ke8 13. Qxg4 Qxd4+
14. Kh1 Nd7 15. Ne6 Qb6 16. Bxf4 Nf6 17. Nxg7+ Kf7 18. Be5 Ned5 19. Nh5 Rhg8
20. Qd7+ Kg6 21. Nxf6 Ne3 22. Qxh7+ 1-0

[Event "Scottish International Open"]
[Site "Edinburgh, Scotland"]
[Date "2015.07.19"]
[Round "9"]
[White "McHarg, Steven"]
[Black "Opasiak, Dustin Tennessee"]
[Result "0-1"]
[WhiteElo "1476"]
[BlackElo "1791"]
[PlyCount "92"]
[EventDate "2015.??.??"]

1. d4 Nf6 2. Nc3 d5 3. Bf4 e6 4. a3 Bd6 5. Bxd6 Qxd6 6. Nf3 c5 7. e3 Nbd7 8.
Bb5 O-O 9. O-O a6 10. Be2 Rd8 11. Na4 b5 12. Nxc5 Nxc5 13. dxc5 Qxc5 14. c3 Qc7
15. Qc2 e5 16. Rfd1 Bg4 17. Ne1 Bxe2 18. Qxe2 Rd7 19. Rd2 Rad8 20. Rad1 Ne4 21.
Rc2 Nc5 22. Nf3 f6 23. h3 Nb3 24. Nd2 d4 25. Qd3 Nc5 26. Qf5 dxe3 27. fxe3 Qb6
28. Kh2 Nb3 29. Nc4 Qc6 30. Rxd7 Rxd7 31. Nxe5 fxe5 32. Rf2 Qd6 33. Qh5 g6 34.
Qg4 e4+ 35. g3 Nd2 36. h4 Rf7 37. Qc8+ Kg7 38. Rxf7+ Kxf7 39. Qb7+ Kg8 40. Qc8+
Kg7 41. Kg2 Kh6 42. g4 Nc4 43. Kh3 Nxe3 44. g5+ Kh5 45. b3 Nf5 46. Qb7 Qg3# 0-1

[Event "Scottish International Open"]
[Site "Edinburgh, Scotland"]
[Date "2015.07.19"]
[Round "9"]
[White "Roth, Michael J"]
[Black "Gillies, Craig"]
[Result "1-0"]
[WhiteElo "1714"]
[BlackElo "1582"]
[PlyCount "31"]
[EventDate "2015.??.??"]

1. d4 Nf6 2. Nf3 d5 3. c4 g6 4. cxd5 Nxd5 5. e4 Nf6 6. Nc3 Bg7 7. Bc4 Bg4 8. e5
Nfd7 9. Bxf7+ Kxf7 10. Ng5+ Ke8 11. Qxg4 h5 12. Qf3 Rf8 13. Qxb7 Nb6 14. Ne6
Qd7 15. Nxg7+ Kf7 16. e6+ 1-0

[Event "Scottish International Open"]
[Site "Edinburgh, Scotland"]
[Date "2015.07.19"]
[Round "9"]
[White "McGillivray, Calum"]
[Black "Nisbet, Charles"]
[Result "1/2-1/2"]
[WhiteElo "1589"]
[BlackElo "1636"]
[PlyCount "102"]
[EventDate "2015.??.??"]

1. e4 Nf6 2. e5 Nd5 3. c4 Nb6 4. d4 d6 5. exd6 exd6 6. Nf3 Bg4 7. b3 Be7 8. Be2
O-O 9. Nbd2 Nc6 10. d5 Ne5 11. Nxe5 Bxe2 12. Qxe2 Bf6 13. O-O Bxe5 14. Rb1 Re8
15. Qd3 Bf6 16. Ne4 Nd7 17. Nxf6+ Qxf6 18. Bb2 Qg6 19. Qh3 Nf6 20. Rfe1 Rxe1+
21. Rxe1 Re8 22. Qc3 Rxe1+ 23. Qxe1 Kf8 24. h3 Nd7 25. Bd4 b6 26. Qd2 a5 27.
Qb2 f6 28. a3 Ne5 29. b4 axb4 30. Bxe5 fxe5 31. axb4 Qd3 32. Qc1 h6 33. Qf1 Qd4
34. b5 Ke7 35. Qe2 Qf4 36. g3 Qf5 37. Kg2 Kf6 38. h4 g6 39. Qf3 h5 40. Qxf5+
Kxf5 41. Kf3 e4+ 42. Ke3 Ke5 43. f3 exf3 44. Kxf3 Kf5 45. Ke3 Ke5 46. Kd3 Kf5
47. Ke3 Kg4 48. Kf2 g5 49. hxg5 Kxg5 50. Kf3 Kf5 51. Ke3 Kg4 1/2-1/2

[Event "Scottish International Open"]
[Site "Edinburgh, Scotland"]
[Date "2015.07.19"]
[Round "9"]
[White "Van Rossum, Pia"]
[Black "Pannwitz, Kai"]
[Result "0-1"]
[WhiteElo "1594"]
[BlackElo "1797"]
[PlyCount "94"]
[EventDate "2015.??.??"]

1. d4 Nf6 2. g3 g6 3. Bg2 Bg7 4. Nf3 O-O 5. O-O d5 6. c4 dxc4 7. Nbd2 c3 8.
bxc3 c5 9. e3 Nc6 10. Ba3 cxd4 11. cxd4 Qa5 12. Bb2 Bf5 13. Re1 Qb6 14. Qb3 Ne4
15. Nc4 Qa6 16. Ncd2 Rac8 17. Rec1 Qb6 18. Qxb6 axb6 19. Nc4 b5 20. Nb6 Rcd8
21. Ba3 b4 22. Bb2 Rd6 23. Nc4 Rdd8 24. Nb6 Na5 25. Rc7 Rd6 26. Nc4 Nxc4 27.
Rxc4 Rb6 28. Rc7 Bf6 29. h3 h5 30. Nh2 Nd6 31. g4 hxg4 32. Nxg4 Bg5 33. d5 Ra8
34. f4 Bh4 35. Nh6+ Kh7 36. Nxf5 gxf5 37. Bf1 Rg8+ 38. Kh1 Ne4 39. Rc2 Bf2 40.
Bg2 Ng3+ 41. Kh2 Bxe3 42. Re1 Bxf4 43. Rxe7 Kg6 44. Bd4 Ne2+ 45. Kh1 Nxd4 46.
Rf2 Bd6 47. Re1 Bg3 0-1

[Event "Scottish International Open"]
[Site "Edinburgh, Scotland"]
[Date "2015.07.19"]
[Round "9"]
[White "MacGilchrist, Siegrun"]
[Black "Volland, Ben"]
[Result "1/2-1/2"]
[WhiteElo "1746"]
[BlackElo "1543"]
[PlyCount "115"]
[EventDate "2015.??.??"]

1. c4 f5 2. g3 Nf6 3. Bg2 e6 4. Nc3 Be7 5. e3 O-O 6. d4 d6 7. Nge2 a5 8. O-O c6
9. Na4 Nbd7 10. b3 Nb6 11. Nxb6 Qxb6 12. Nc3 Qc7 13. Bb2 d5 14. c5 Bd8 15. Na4
Qe7 16. Rc1 Bd7 17. Rc2 Be8 18. Qc1 Bg6 19. f4 Nd7 20. Ba3 Ra7 21. Nb6 Bc7 22.
Na4 Bh5 23. Bf3 Qf7 24. Qd1 Nf6 25. Nc3 Bg4 26. Bxg4 Nxg4 27. Bc1 Qh5 28. Qf3
Rf6 29. h4 Rg6 30. Nd1 Bd8 31. Rg2 Nf6 32. Qxh5 Nxh5 33. Kh2 Nf6 34. Nb2 Ne4
35. Nd3 Bc7 36. a4 Ra8 37. Nf2 Nxf2 38. Rfxf2 Rb8 39. Rc2 h5 40. Rc3 Rf6 41.
Rb2 Rf7 42. Bd2 Ra8 43. Rc1 Rff8 44. Ra2 Rfb8 45. Rca1 Kf7 46. b4 axb4 47. Bxb4
Ba5 48. Rb1 Ke8 49. Bxa5 Rxa5 50. Rba1 Kd7 51. Rb1 Kc7 52. Rb6 Rba8 53. Rab2
R8a7 54. R2b4 Rxa4 55. Rxb7+ Rxb7 56. Rxa4 Kb8 57. Kg2 Ra7 58. Rb4+ 1/2-1/2

[Event "Scottish International Open"]
[Site "Edinburgh, Scotland"]
[Date "2015.07.19"]
[Round "9"]
[White "Hope, Iain"]
[Black "MacRae, James S"]
[Result "1-0"]
[WhiteElo "1349"]
[BlackElo "1689"]
[PlyCount "79"]
[EventDate "2015.??.??"]

1. d4 b6 2. Nf3 Bb7 3. Bf4 e6 4. e3 Nf6 5. Bd3 c5 6. c3 Be7 7. h3 Nc6 8. O-O d5
9. Nbd2 h6 10. Ne5 O-O 11. Nxc6 Bxc6 12. Nf3 c4 13. Bc2 b5 14. a3 a5 15. b4
cxb3 16. Bxb3 Nd7 17. Nd2 f5 18. Re1 Nf6 19. Be5 Bd6 20. Bxd6 Qxd6 21. Qe2 Rfc8
22. Rec1 Be8 23. Qd3 Rc7 24. a4 Qb6 25. axb5 Bxb5 26. c4 Rac8 27. Qb1 Bxc4 28.
Bxc4 Qxb1 29. Rcxb1 dxc4 30. Rb5 c3 31. Nb3 Ne4 32. Rbxa5 c2 33. Nc1 Rb7 34.
Ra8 Rbc7 35. Rxc8+ Rxc8 36. Ra2 Kf7 37. Kf1 Rc7 38. Ke1 Ke7 39. f3 Ng3 40. Kf2
{time} 1-0